| 000 | 00555nam a2200193Ia 4500 | ||
|---|---|---|---|
| 003 | GCL | ||
| 008 | 140319s9999 xx 000 0 eng d | ||
| 040 |
_aGCL / _cGCL |
||
| 082 | 0 | 4 |
_a291.175 _bK L |
| 100 | 1 | _aKANT, EMMANUEL | |
| 245 | 1 | 0 |
_aLECONS SUR LA THEORIE PHILOSOPHIQUE DE LA RELIGION / _cKANT, EMMANUEL |
| 260 |
_a[S.N] : _bLIBRAIRE GENERALE FRANCAISE ، _c1993 |
||
| 300 | _a343 P | ||
| 490 |
_aLE LIVRE DE POCHE _v0 |
||
| 650 | 0 | 4 | _aKANT, I.(1724 - 1804) |
| 650 | 0 | 4 | _aFRENCH PHILOSOPHY |
| 650 | 0 | 4 | _aPHILOSOPHY - RELIGION |
| 942 |
_2ddc _cBK |
||
| 999 |
_c23554 _d23554 |
||